000 00363nam a2200157Ia 4500
008 131103s9999 xx 000 0 und d
040 _aLoreto College
041 _aEnglish
082 _aF/ALC
_bLCBED/6219
245 _aJo's boys
260 _a[s.l.]
_b[s.n.]
_c[19?]
300 _c 21cm.
650 _aEnglish fiction
850 _aLCBED/F/ALC
942 _cBK
999 _c32271
_d82750